| 000 | 00594 a2200241 4500 | ||
|---|---|---|---|
| 260 | _aParis | ||
| 630 | _a30 - Sciences sociales en general | ||
| 037 | _b2, CIUF | ||
| 650 | _a3 - SCIENCES SOCIALES | ||
| 100 | _aCrozier, Michel | ||
| 260 | _bEd. Seli Arslan | ||
| 245 | _aA quoi sert la sociologie des organisations ? Tome 2, Vers un nouveau raisonnement pour l'action | ||
| 300 | _a352 p. | ||
| 650 | _aAction sociale | ||
| 260 | _c2000 | ||
| 300 | _b21 cm | ||
| 100 | _lFr | ||
| 037 | _a05/135 | ||
| 037 | _a05/136 | ||
| 020 | _a2-84276-051-4 | ||
| 999 |
_c36171 _d36171 |
||